Genetics and the behavior of domestic animals

Gardado en:
Detalles Bibliográficos
Formato: Libro
Idioma:Undetermined
Publicado: San Diego Academic Press 1998
Những chủ đề:
Các nhãn: Engadir etiqueta
Sen Etiquetas, Sexa o primeiro en etiquetar este rexistro!
Thư viện lưu trữ: Trung tâm Học liệu Trường Đại học Cần Thơ
LEADER 00587nam a2200205Ia 4500
001 CTU_125784
008 210402s9999 xx 000 0 und d
082 |a 599 
082 |b G328 
245 0 |a Genetics and the behavior of domestic animals 
245 0 |c Edited by Temple Grandim 
260 |a San Diego 
260 |b Academic Press 
260 |c 1998 
526 |a Tập tính động vật 
526 |b SP431 
650 |a Domestic animals,Domestic animals 
650 |x Behavior,Genetics 
904 |i Hiếu 
980 |a Trung tâm Học liệu Trường Đại học Cần Thơ